000 00589nam a2200241Ia 4500
003 OSt
005 20220924152036.0
006 a|||||r|||| 00| 0
007 ta
008 220923b |||||||| |||| 00| 0 tel d
020 _c4.50
024 _a340517
037 _cTextual
040 _aARTS
_cARTS
_btel
041 _2tel
_atel
082 _aO155,3N15, K2
100 _aJoshi S.J.
_9225642
245 0 _aMamacha vada
260 _c1962
650 _aMARATHI LITERATURE
_938000
942 _hO155,3N15, K2
_cTEXL
_2CC
999 _c468480
_d468480